000 01108nam a2200277 a 4500
003 AR-RoUNCS
005 20260505152232.0
007 ta
008 240603s2021 ag a |r 00| 0 spa
020 _a978-987-86-9474-0
040 _aAR-BaBN
_bspa
_cAR-RoUNCS
041 _aspa
080 1 _a37.02:7(036)
_2
100 1 _aCarvalho, Cássio
_eautor
245 1 0 _aArte y educación en las infancias /
_cCássio Carvalho, Eva Harvez, Lucho Milocco.
250 _a1a ed.
260 _aBuenos Aires :
_bUmacapiruá,
_c2021.
300 _a142 p. :
_bil. col. ;
_c25 cm.
500 _aPrecede al título: "Pim Pau" [nombre colectivo usado por los autores, cuyos nombres individuales figuran en la portada].
505 1 _aPreliminares -- 1.El cuerpo como instrumento -- 2.El sonido como juguete -- 3.La palabra como juego -- 4.Una poética corporal y el objeto como metáfora -- 5.El traslado como territorio de encuentro -- 6.El cambio como poesía.-
650 7 _aEducación infantil
650 4 _aArte
_2embne
700 1 _aHarvez, Eva
_eautora
700 1 _aMilocco, Lucho
_eautor
942 _2udc
_cOG
_n0
999 _c999
_d999